| 000 | 01236nab a2200289 i 4500 | ||
|---|---|---|---|
| 001 | 193736 | ||
| 003 | ES-MaACL | ||
| 005 | 20250811063211.0 | ||
| 007 | t| | ||
| 008 | 240207s1916 sp ||||1| spa d | ||
| 040 |
_aES-MaACL _bspa _cES-MaACL |
||
| 245 | 0 | 3 |
_aLa tribuna del salón de actos durante la sesión preparatoria de la Asamblea de las Clases Medias, celebrada el domingo último : _ben el Ateneo de Madrid / _cfoto, Duque |
| 246 | 1 | _aAsamblea de las Clases Medias | |
| 260 |
_a[Madrid : _bBlanco y Negro, _c1916] |
||
| 300 |
_a1 página : _b1 ilustración ; _c30 cm |
||
| 336 |
_2rdacontent _atexto |
||
| 337 |
_2rdamedia _asin mediación |
||
| 338 |
_2rdacarrier _avolumen |
||
| 500 | _aFotocopia de la página con la fotografía de un grupo de asistentes a la sesión preparatoria de la Asamblea de las Clases Medias, celebrada en el Ateneo de Madrid, publicada en "Blanco y negro", 9 de abril de 1916, n. 1299 | ||
| 610 | 2 | 4 |
_aAteneo de Madrid- _vHistoria _91925 |
| 650 | 4 |
_aClase media- _zEspaña _9171878 |
|
| 700 | 1 |
_9235025 _aDuque, Julio, _dca. 1870-1936 _epht |
|
| 852 | 4 |
_aES-MaACL _cDEPOF _j2347-F-71 _9201270 |
|
| 942 |
_2udc _cANAB _n0 |
||
| 999 |
_c193736 _d193736 |
||